LEADER 00922nam a2200217 i 4500 001 000000159411 003 CaOOAMICUS 005 20141125000000.0 008 141125s1968 it u000 u ita u 013 $a136774 040 $aSeMil$bita 110 0 $aTouring Club Italiano.$0(OLS)http://semarc/name/2273 245 10$aAtlante internazionale del Touring Club Italiano :$bindice dei nomi aggiornato al 1977. 260 $aMilano :$bTouring Club Italiano,$c1968. 300 $a1032 p. ;$c25 cm. 650 4$aAtlanti geografici.$0(OLS)http://semarc/subject/55 850 $aSeMil 852 $aSeMil$W1$xVenegono$y1$m5L XII 6/A °$j110968$B110968$CSeMilBibl$Z2$F120614 $81 961 $aRecupero: Altro 996 $6245$aAtlante internazionale del Touring Club Italiano :$bindice dei nomi aggiornato al 1977$9(OLS)http://semarc/title/141400 996 $6260$aMilano :$bTouring Club Italiano$9(OLS)http://semarc/publisher/29688 LEADER 01225nam a2200253 i 4500 001 000000352579 003 CaOOAMICUS 005 20221228112145.0 008 221228s2022 gw u000 u ger u 020 $a978-3-451-39025-8 040 $aSeMil$bita 100 1 $aAbramowski, Luise$b<1928-2014>.$0(OLS)http://semarc/name/22256 245 10$a2.5: Die Kirche in Persien /$cvon Luise Abramowski ? ; herausgegeben, bearbeitet und mit weiteren Kapiteln ergänzt von Theresia Hainthaler. 264 1$aFreiburg ; Basel ; Wien :$bHerder,$c2022. 300 $aXXIII, 839 p. ;$c24 cm. 504 $aLiteraturverzeichnis, p. 799-819 700 1 $aHainthaler, Theresia,$d<1947- >.$0(OLS)http://semarc/name/16250 773 0 $aGrillmeier, Alois $tJesus der Christus im Glauben der Kirche.$dFreiburg ; Basel ; Wien : Herder, 1979-2022.$g2$w()7517 850 $aSeMil 852 $aSeMil$W1$xVenegono$y1$m2B IV 614$j271748$B243797$CSeMilBibl$Z2$F243797 $81 996 $6020$a978-3-451-39025-8$9(OLS)http://semarc/number/297364 996 $6245$a2.5: Die Kirche in Persien$9(OLS)http://semarc/title/442463 996 $6264$aFreiburg ; Basel ; Wien :$bHerder$9(OLS)http://semarc/publisher/29643